| 000 | 00680nam a2200217Ia 4500 | ||
|---|---|---|---|
| 008 | 191130s1998##################000#0#eng## | ||
| 020 | _a9780763703554 | ||
| 022 | _a97009654 | ||
| 040 |
_aACL _cACL |
||
| 082 | _a796.01 ROT | ||
| 100 | _aRotella, Robert J | ||
| 245 |
_aCase studies in sport psychology _cBob Rotella ... [et al.] |
||
| 260 |
_aSudbury, MA _bJones and Bartlett _cc1998 |
||
| 300 | _axvii, 202 p. ; 23 cm | ||
| 500 | _aIncludes bibliographical references | ||
| 650 | _aAthletes - Psychology - Case studies | ||
| 650 | _aSports - Psychological aspects - Case studies | ||
| 990 | _a91aa8070ac10000c1cf36b66961d2218 | ||
| 991 | _a330528 | ||
| 999 |
_c124750 _d124750 |
||